[Event "Indonesia Open"]
[Site "Jakarta INA"]
[Date "2011.10.14"]
[Round "3.16"]
[White "Moradiabadi,E"]
[Black "Emperado,Emmanuel"]
[Result "1/2-1/2"]
[WhiteElo "2549"]
[BlackElo "2294"]

1.c4 e5 2.g3 Nc6 3.Bg2 g6 4.Nc3 Bg7 5.e3 d6 6.Nge2 h5 7.h3 f5 8.d4 h4 9.d5 Nce7
10.e4 Nf6 11.Bg5 Nh7 12.Be3 b6 13.Qd2 O-O 14.O-O Kh8 15.Rae1 Ng8 16.f4 Rb8
17.exf5 gxf5 18.gxh4 Ba6 19.b3 Qxh4 20.Bf2 Qh6 21.Be3 Qh4 22.Rf3 Rf7 23.Bf2 Qh6
24.Be3 Qh4 25.Ref1 Rbf8 26.Rg3 Bc8 27.Bf2 Qh6 28.Be3 Qh4 29.Bf2 Qh6 30.Be3 Qh4  1/2-1/2

[Event "TCh-FIN SM-Liiga 2011-12"]
[Site "Oulu FIN"]
[Date "2011.10.15"]
[Round "3.6"]
[White "Wallin,A"]
[Black "Olander,A"]
[Result "1/2-1/2"]
[WhiteElo "2107"]
[BlackElo "2074"]

1.c4 e5 2.g3 Nc6 3.Nc3 f5 4.Nf3 Nf6 5.d4 e4 6.Nh4 g6 7.Bg5 Bg7 8.Bg2 O-O
9.Qd2 d6 10.O-O Qe8 11.f3 exf3 12.exf3 Qf7 13.d5 Ne5 14.b3 a6 15.Rfe1 Rb8
16.Rad1 Re8  1/2-1/2

[Event "TCh-FIN SM-Liiga 2011-12"]
[Site "Porvoo FIN"]
[Date "2011.10.15"]
[Round "3.8"]
[White "Tusa,T"]
[Black "Pulkkinen,K"]
[Result "1/2-1/2"]
[WhiteElo "2189"]
[BlackElo "2263"]

1.g3 e5 2.c4 Nf6 3.Bg2 c6 4.d4 exd4 5.Qxd4 d5 6.Nc3 dxc4 7.Qxc4 Be6 8.Qa4 Nbd7
9.Nf3 Nb6 10.Qc2 h6 11.O-O Be7 12.h3 O-O 13.e4 Qc8 14.Kh2 Rd8 15.b3 c5 16.Bf4 c4
17.Rfc1 Qc5 18.bxc4 Bxc4 19.Na4 Nxa4 20.Qxc4 Qxc4 21.Rxc4 b5 22.Rc7 Bc5 23.Ne5 Bb6
24.Rc2 Re8 25.Nc6 Nxe4 26.Re1 f5 27.f3 Nec3 28.Be5 Nd5 29.f4 Ne3 30.Rxe3 Bxe3
31.Ne7+ Rxe7 32.Bxa8 Nb6 33.Bf3 Kh7 34.Be2 a6 35.Rc6 Rd7 36.Bh5 Kg8 37.Bg6 Rd2+
38.Kh1 Nd7 39.Rc8+ Nf8 40.Bxf5 Kf7 41.Rc7+ Ke8 42.Bxg7 Nd7 43.Bxh6 Kd8 44.Rxd7+ Rxd7
45.Bxd7 Kxd7 46.Bg7 b4 47.h4 Bd2 48.Bb2 a5 49.Kg2 Bc3 50.Bc1 a4 51.Kf3 a3
52.Bxa3 bxa3 53.g4 Be1 54.h5 Ke6 55.Ke4 Bd2 56.h6 Kf6 57.g5+ Kg6 58.Ke5 Bc3+
59.Ke4 Bd2 60.Ke5 Bc3+ 61.Ke4 Bd2 62.Ke5  1/2-1/2

[Event "TCh-AUT 2 Ost 2011-12"]
[Site "Bruck AUT"]
[Date "2011.10.16"]
[Round "2"]
[White "Sulyok,M"]
[Black "Wallner,J"]
[Result "1/2-1/2"]
[WhiteElo "2200"]
[BlackElo "2333"]

1.c4 e5 2.g3 Nf6 3.Bg2 d5 4.cxd5 Nxd5 5.Nf3 Nc6 6.Nc3 Nb6 7.O-O Be7 8.a3 O-O
9.b4 Be6 10.d3 f6 11.Bb2 a5 12.b5 Na7 13.d4 Nc4 14.Bc1 e4 15.Nxe4 Nxb5 16.a4 Na7
17.Ned2 Nc6 18.Rb1 Nb6 19.Bb2 Nb4 20.Ne1 Rb8 21.Nb3 Nxa4 22.Nxa5 Ba2 23.Qxa4 Bxb1
24.Ba3 Kh8 25.Qb3 b6 26.Nb7 Ba2 27.Nxd8 Bxb3 28.Bxb4 Bxb4 29.Nc6 Bxe1 30.Nxb8 Bxf2+
31.Kxf2 Rxb8 32.Rc1 b5 33.Rxc7 Kg8 34.Ke3 Kf8 35.Kd2 b4 36.Be4 h6 37.Bg6 Be6
38.Be4 Rd8 39.e3 Rd7  1/2-1/2

[Event "49th ch-IND NatA"]
[Site "Aurangabad IND"]
[Date "2011.10.19"]
[Round "11"]
[White "Himanshu,Sh"]
[Black "Ghosh,D"]
[Result "1/2-1/2"]
[WhiteElo "2421"]
[BlackElo "2288"]

1.c4 e5 2.g3 Nf6 3.Bg2 d5 4.cxd5 Nxd5 5.Nc3 Nb6 6.Nf3 Nc6 7.O-O g6 8.Rb1 Bg7
9.b4 O-O 10.d3 h6 11.Ne4 Nd5 12.Bd2 Nd4 13.e3 Nxf3+ 14.Qxf3 c6 15.b5 f5 16.Nc5 Qe7
17.bxc6 bxc6 18.Rfc1 f4 19.Qe4 Qf7 20.exf4 exf4 21.Bxf4 Nxf4 22.gxf4 Kh8
23.Qxc6 Bg4 24.Ne4 Qxf4 25.Qxg6 Rab8 26.Re1 Be5 27.Rxb8 Bxb8 28.Nf6 Bf5 29.Qh5 Bd6
30.Nd5 Qd2 31.Qe2 Qg5 32.Qb2+ Kg8 33.f4 Qh4 34.Re3 Rb8 35.Rg3+ Qxg3 36.Qxb8+ Bxb8
37.hxg3 Bxd3 38.Bf1 Bb1 39.Bc4 Kg7 40.Kf2 Bd6 41.Kf3 Bg6 42.g4 Bc5 43.Ne3 Kf6
44.Nd5+ Kg7 45.Nc7 Bd6 46.Nb5 Bb8 47.Nd4 Bd6 48.Bd5 Kf6 49.Ne2 Bd3 50.Ng3 Bb4
51.Ke3 Bb1 52.Kd4 Ba3 53.Nh5+ Ke7 54.Bb3 Bg6 55.Ng3 Bd6 56.Ke3 Bc5+ 57.Kf3 Bb1
58.g5 hxg5 59.fxg5 Bg6 60.Kg4 Kf8 61.Ne2 Kg7 62.Nf4 Bd6 63.Bd5 Be5 64.Bc4 Bd6
65.a4 a5 66.Ne6+ Kh8 67.Nd4 Kg7 68.Bb3 Be5 69.Ne6+ Kh8 70.Bd5 Bd6 71.Bc6 Be5
72.Kf3 Bc2 73.Be8 Bb3 74.Ke4 Bc3 75.Nd4 Bxd4 76.Kxd4 Kg7 77.Kc5 Bxa4  1/2-1/2

[Event "TCh-SVK Extraliga 2011-12"]
[Site "Slovakia SVK"]
[Date "2011.10.22"]
[Round "1"]
[White "Vlcek,S"]
[Black "Vojtek,V"]
[Result "1/2-1/2"]
[WhiteElo "2330"]
[BlackElo "2311"]

1.c4 e5 2.g3 Nf6 3.Bg2 d5 4.cxd5 Nxd5 5.Nc3 Nb6 6.Nf3 Nc6 7.O-O Be7 8.a3 O-O
9.b4 Be6 10.d3 Nd4 11.Nd2 c6 12.Bb2 a6 13.e3 Nb5 14.Qc2 Nxc3 15.Bxc3 f6 16.d4 Nd5
17.dxe5 Nxc3 18.Qxc3 Qc7 19.Nf3 fxe5 20.Qxe5 Qxe5 21.Nxe5 Bf6 22.f4 Bxe5
23.fxe5 Rxf1+ 24.Bxf1 Rd8 25.a4 Rd2 26.b5 axb5 27.axb5 cxb5 28.Bxb5 Rd5 29.Bc4 Rxe5
30.Bxe6+ Rxe6 31.Rb1 b6 32.Kf2 Kf7 33.e4 Rc6 34.Ke3 Ke6 35.Rb5 h6 36.h4 Kd6
37.Kd4 Ke6 38.g4 Rd6+ 39.Ke3 Kd7 40.g5 hxg5 41.Rxg5 g6 42.e5 Rc6 43.Kd4 Ke7
44.h5 gxh5 45.Rxh5 Rc1 46.Rh7+ Ke6 47.Rh6+ Kf5 48.Rf6+ Kg5 49.Rxb6 Rd1+ 50.Ke4 Ra1
51.Kd5 Ra5+ 52.Ke6 Kg6 53.Ke7+ Kg7 54.Ke6 Ra1 55.Rb7+ Kf8 56.Rb8+ Kg7 57.Rc8 Rd1
58.Ke7 Ra1 59.e6 Ra7+ 60.Kd6 Ra6+ 61.Kd7 Ra7+ 62.Rc7 Ra8 63.Rc8 Ra7+ 64.Kd6 Ra6+
65.Rc6 Ra8 66.Rc7+ Kf6 67.Rf7+ Kg6 68.Rc7 Kf6 69.Kd7 Kg7 70.Ke7 Kg6 71.Rd7 Kg7
72.Rc7 Kg6 73.Rb7 Kg7 74.Rd7 Kg6 75.Rd8 Ra7+ 76.Kd6 Ra6+ 77.Ke5 Ra5+ 78.Rd5 Ra8
79.Rb5 Kg7 80.Rb7+ Kg6 81.Kd6 Kf6 82.e7 Kf7 83.Kd7 Re8 84.Kd6 Ra8 85.Rc7 Ra1
86.Rd7 Ra8 87.Rd8 Ra6+  1/2-1/2

[Event "TCh-BEL 2011-12"]
[Site "Belgium BEL"]
[Date "2011.10.23"]
[Round "2.6"]
[White "Cekro,E"]
[Black "Meessen,R"]
[Result "1-0"]
[WhiteElo "2394"]
[BlackElo "2278"]

1.c4 e5 2.g3 d6 3.Bg2 f5 4.Nc3 Nf6 5.d3 Be7 6.e3 O-O 7.Nge2 c6 8.O-O Na6
9.f4 Qe8 10.a3 Nc7 11.b4 Rb8 12.Rb1 Kh8 13.a4 Qh5 14.b5 c5 15.Nd5 Ncxd5 16.cxd5 Ng4
17.h3 Nf6 18.Bb2 e4 19.Bxf6 Bxf6 20.dxe4 fxe4 21.g4 Qh4 22.Qe1 Qxe1 23.Rfxe1 Bd7
24.Rec1 a6 25.Ng3 axb5 26.axb5 Ra8 27.Nxe4 Be7 28.Bf1 Ra3 29.Rc3 Ra4 30.Bc4 h5
31.Nf2 Bf6 32.Rc2 Re8 33.Rb3 Bh4 34.Be2 hxg4 35.hxg4 g5 36.f5 Re5 37.Rd2 c4
38.Rc3 Bxb5 39.Rb2 Ba6 40.Rb6 Ra2 41.Kf1 Rxd5 42.Ne4 Ra1+ 43.Kg2 Ra2 44.Kf3 Ra4
45.Nxd6 Be1 46.Rc1 Ba5 47.Rh1+ Kg7 48.Ne8+ Kf7 49.Re6 Bc3 50.Nd6+ Rxd6 51.Rxd6 Bb5
52.Rh7+ Kg8 53.Rxb7 Be8 54.Rd8 Kf8 55.Rbb8 Bh8 56.Rxe8+ Kg7 57.Rb7+  1-0

[Event "TCh-SUI 2011"]
[Site "Lausanne SUI"]
[Date "2011.10.23"]
[Round "9.7"]
[White "Maeser,F"]
[Black "Raeber,M"]
[Result "1-0"]
[WhiteElo "2282"]
[BlackElo "2196"]

1.c4 e5 2.g3 Nc6 3.Nc3 g6 4.Bg2 Bg7 5.e4 d6 6.Nge2 h5 7.h4 Be6 8.d3 Qd7 9.Nd5 Nd8
10.d4 c6 11.Ne3 f6 12.d5 Bf7 13.Bh3 Qc7 14.Bd2 Ne7 15.Rc1 Bh6 16.O-O g5 17.Nf5 Nxf5
18.Bxf5 c5 19.Kh1 Bg8 20.f4 exf4 21.gxf4 gxh4 22.Ng1 Bh7 23.Qxh5+ Nf7 24.Rce1 Kf8
25.Bc3 Bxf5 26.Qxf5 Bg7 27.e5 dxe5 28.fxe5 fxe5 29.d6 Qc6+ 30.Kh2 Bf6 31.Qxf6 Rh7
32.Rxe5 h3 33.Qe7+ Kg8 34.Rg5+ Nxg5 35.Qxg5+  1-0

[Event "World Youth U16 Ol"]
[Site "Kocaeli TUR"]
[Date "2011.10.24"]
[Round "1.9"]
[White "Ikis,Melih Firat"]
[Black "Grover,S"]
[Result "0-1"]
[WhiteElo "1899"]
[BlackElo "2514"]

1.c4 e5 2.g3 Nf6 3.Bg2 d5 4.cxd5 Nxd5 5.Nf3 Nc6 6.d3 Be7 7.Nc3 Nb6 8.O-O O-O
9.Be3 Bg4 10.a3 f6 11.Rc1 Qd7 12.Ne4 Nd4 13.Bxd4 exd4 14.Qc2 c6 15.Nc5 Bxc5
16.Qxc5 Rad8 17.Rc2 Rfe8 18.a4 Qd6 19.Qxd6 Rxd6 20.a5 Na8 21.Ra1 Nc7 22.Kf1 Bh5
23.Rc5 Bf7 24.Nd2 Na6 25.Rcc1 Rde6 26.Bf3 R6e7 27.Ra4 Rd8 28.Ne4 Re5 29.Nd2 Rb5
30.Nc4 Nc5 31.Ra3 Nb3 32.Rc2 a6 33.h3 Bxc4 34.dxc4 Rb4 35.Be4 Re8 36.Bd3 Re5
37.c5 Nxc5 38.Bc4+ Kf8 39.b3 Ne4 40.Ra1 Nd6 41.Rd1 Nxc4 42.Rxc4 Rxc4 43.bxc4 Rxa5
44.Rxd4 Ke7 45.Rd3 Rc5 46.Rb3 b5 47.cxb5 axb5 48.e4 Rc4 49.f3 b4 50.Ke2 c5
51.Kd3 Rc1 52.Ke3 Kd6 53.f4 Kc6 54.Rb2 Rc3+  0-1

[Event "26th Le Touquet Open"]
[Site "Le Touquet FRA"]
[Date "2011.10.24"]
[Round "3.1"]
[White "Romanov,E"]
[Black "Marechal,A"]
[Result "1-0"]
[WhiteElo "2639"]
[BlackElo "2336"]

1.c4 e5 2.g3 Nc6 3.Bg2 f5 4.Nc3 Nf6 5.d3 Bb4 6.Bd2 O-O 7.e3 Bxc3 8.Bxc3 d6
9.Ne2 Qe8 10.Qd2 Bd7 11.O-O Qh5 12.f4 Rae8 13.h3 g5 14.Rae1 h6 15.b4 Qg6
16.Qb2 exf4 17.exf4 Nh5 18.b5 Nd8 19.Qd2 b6 20.Bd4 gxf4 21.Nxf4 Nxf4 22.gxf4 Ne6
23.Bf2 Nc5 24.Kh2 Kh7 25.Bd5 Qf6 26.Rg1 Rxe1 27.Rxe1 Re8 28.Ra1 Ne6 29.Be3 Rg8
30.Re1 Rg6 31.Bf2 Bc8 32.a4 Bd7 33.a5 Bc8 34.a6 Bd7 35.d4 Nd8 36.Bf3 Rg8
37.d5 Re8 38.Bd4 Qf7 39.Rg1 Rg8 40.Rxg8 Kxg8 41.Qe1 Qf8 42.Bh5 Kh7 43.Qh4  1-0

[Event "World Youth U16 Ol"]
[Site "Kocaeli TUR"]
[Date "2011.10.25"]
[Round "2.3"]
[White "Gagare,Shar"]
[Black "Yeap,E"]
[Result "1-0"]
[WhiteElo "2264"]
[BlackElo "2150"]

1.c4 e5 2.g3 f5 3.Bg2 Nf6 4.Nc3 Be7 5.d3 c6 6.Nf3 e4 7.Nd4 d5 8.cxd5 cxd5
9.Qa4+ Nc6 10.O-O Bd7 11.dxe4 fxe4 12.Bg5 O-O 13.Rad1 Kh8 14.Qb3 Na5 15.Qc2 Rc8
16.Qb1 Nc6 17.Nb3 Be6 18.Bxf6 Rxf6 19.Bxe4 d4 20.e3 Bg4 21.Rd2 Rd6 22.Nb5 dxe3
23.Nxd6 exf2+ 24.Rfxf2 Bxd6 25.Qd3 Bb4 26.Qxd8+ Nxd8 27.Rd4 Be7 28.Bxb7 Nxb7
29.Rxg4 Kg8 30.Ra4 a5 31.Re2 Bf6 32.Nxa5 Ra8 33.b4 Bc3 34.Rc2 Bd4+ 35.Kg2 Nd6
36.Ra3 Re8 37.Nc6 Bb6 38.Rd3 Nf5 39.Kf3 Re1 40.a4 Rf1+ 41.Ke4 g6 42.a5 Re1+
43.Kd5 Ne3+ 44.Kd6 Bxa5 45.bxa5 Nxc2 46.a6 Ra1 47.a7 Nb4 48.Rb3 Nxc6 49.Rb8+ Kf7
50.Rb7+ Kf6 51.Kxc6 h5 52.Kc7 Kg5 53.Kb8 Kg4 54.a8=Q Rxa8+ 55.Kxa8 Kh3 56.Rb2 g5
57.Rb5 h4 58.Rxg5  1-0

[Event "1st WCGD"]
[Site "Dresden GER"]
[Date "2011.10.26"]
[Round "3"]
[White "Hoffmann,Ra"]
[Black "Varezhkin,V"]
[Result "1-0"]
[WhiteElo "2134"]
[BlackElo "2220"]

1.c4 e5 2.g3 Nc6 3.Bg2 Nf6 4.Nc3 Bb4 5.Nf3 O-O 6.a3 Bxc3 7.bxc3 e4 8.Ng5 Re8
9.O-O h6 10.Nh3 d5 11.cxd5 Qxd5 12.f3 Bxh3 13.Bxh3 Rad8 14.Bg2 Qc5+ 15.Kh1 e3
16.Qe1 Nd5 17.f4 exd2 18.Bxd2 Ne3 19.Bxe3 Rxe3 20.Rf3 Na5 21.Rxe3 Qxe3 22.Bf3 Rd2
23.Rd1 Rxd1 24.Qxd1 Qxc3 25.Qd8+ Kh7 26.Qd7 Qf6 27.Qxc7 b6 28.Qxa7 g6 29.Qc7 Qe6
30.Qc3 h5 31.Kg2 Nc4 32.Kf2 Qe8 33.a4 b5 34.axb5  1-0

[Event "19th Skopje Open"]
[Site "Skopje MKD"]
[Date "2011.10.26"]
[Round "3"]
[White "Stanojoski,Z"]
[Black "Glavinac,G"]
[Result "1-0"]
[WhiteElo "2470"]
[BlackElo "2169"]

1.c4 e5 2.g3 Nf6 3.Bg2 Nc6 4.Nc3 Bb4 5.Nd5 Bc5 6.e3 O-O 7.Ne2 Re8 8.O-O Bf8
9.Nec3 Nxd5 10.cxd5 Ne7 11.d4 d6 12.b3 c6 13.Bb2 cxd5 14.Nxd5 Nxd5 15.Bxd5 e4
16.f3 Qg5 17.fxe4 Qxe3+ 18.Rf2 Kh8 19.Rc1 f6 20.Rc7 Re7 21.Rc3 Qg5 22.Ba3 Re8
23.Rc7 a5 24.Bc1 Qg6 25.Bf7 Qxe4 26.Bxe8 Bg4 27.Qc2 Qxe8 28.d5 Qh5 29.Qd3 Re8
30.Bd2 Re5 31.Rxb7 Rxd5 32.Rb8 Kg8 33.Qe4 Bd7 34.Qe7 h6 35.Rxf8+ Kh7 36.Qe4+ Rf5
37.g4  1-0

[Event "8th Lippe Cup"]
[Site "Lieme GER"]
[Date "2011.10.28"]
[Round "1.10"]
[White "Naundorf,M"]
[Black "Henkemeier,Markus"]
[Result "1-0"]
[WhiteElo "2134"]
[BlackElo "1931"]

1.g3 e5 2.c4 c6 3.d4 Bb4+ 4.Bd2 Bxd2+ 5.Qxd2 exd4 6.Qxd4 Qf6 7.Nf3 d6 8.Nc3 Qxd4
9.Nxd4 Nf6 10.Bg2 Be6 11.b3 Na6 12.Rd1 O-O-O 13.O-O d5 14.cxd5 Nxd5 15.Nxd5 Bxd5
16.Nf5 Bxg2 17.Kxg2 Rxd1 18.Rxd1 Rd8 19.Rxd8+ Kxd8 20.Nxg7 b5 21.Nf5 Nb4
22.Nd4 Kd7 23.a3 Nd5 24.e4 Nc3 25.Kf3 c5 26.Nc2 a5 27.Kf4 Ke6 28.f3 b4 29.axb4 axb4
30.Ke3 c4 31.bxc4  1-0

[Event "8th Lippe Cup"]
[Site "Lieme GER"]
[Date "2011.10.28"]
[Round "1.5"]
[White "Kuhn,An2"]
[Black "Himpenmacher,A"]
[Result "1/2-1/2"]
[WhiteElo "1956"]
[BlackElo "2199"]

1.c4 e5 2.g3 g6 3.Bg2 Bg7 4.Nc3 Nc6 5.d3 d6 6.e4 Be6 7.Be3 Qd7 8.Qd2 Nge7
9.Nd5 Bxd5 10.exd5 Nd4 11.Ne2 Nxe2 12.Qxe2 a5 13.O-O O-O 14.Qd2 a4 15.b4 f5
16.Rac1 f4 17.gxf4 exf4 18.Bxf4 Qg4 19.Bg3 Nf5 20.Rce1 Qd4 21.Re4 Qf6 22.Rfe1 Nxg3  1/2-1/2

[Event "World Youth U16 Ol"]
[Site "Kocaeli TUR"]
[Date "2011.10.29"]
[Round "7.7"]
[White "Gagare,Shar"]
[Black "Eliseev,U"]
[Result "0-1"]
[WhiteElo "2264"]
[BlackElo "2441"]

1.c4 e5 2.g3 Nf6 3.Bg2 d5 4.cxd5 Nxd5 5.Nc3 Nb6 6.Nf3 Nc6 7.O-O Be7 8.a3 O-O
9.b4 Be6 10.Rb1 f6 11.d3 a5 12.b5 Nd4 13.Nd2 Qc8 14.e3 Nf5 15.Qc2 Rd8 16.Rd1 a4
17.Bb2 Nd6 18.Ba1 Ra5 19.Bf1 Kh8 20.Bg2 Qd7 21.Nc4 Nbxc4 22.dxc4 Bxc4 23.Bxb7 Bb3
24.Rxb3 axb3 25.Qxb3 Qg4 26.Bc6 Qc4 27.Qb2 Nc8 28.Rxd8+ Bxd8 29.Qd2 Nd6 30.Bb2 Ra7
31.a4 Qb4 32.Qe2 g6 33.f4 Nc4 34.Ba1 Be7 35.Nd5 Qb1+ 36.Kg2 Rxa4 37.Kh3 Qxa1
38.Nxe7 Nd6 39.Qg4 Ra2 40.Qe6 Qf1+ 41.Kg4 h5+  0-1

[Event "World Youth U16 Ol"]
[Site "Kocaeli TUR"]
[Date "2011.10.29"]
[Round "7.8"]
[White "Terentjev,V"]
[Black "Prince,Ba"]
[Result "1-0"]
[WhiteElo "2356"]
[BlackElo "2169"]

1.c4 e5 2.g3 Nf6 3.Bg2 d5 4.cxd5 Nxd5 5.Nc3 Nb6 6.Nf3 Nc6 7.O-O Be7 8.d4 exd4
9.Nb5 O-O 10.Nfxd4 Nxd4 11.Nxd4 c6 12.Qd3 Bf6 13.Rd1 Bg4 14.f3 Bd7 15.Qc2 Qe7
16.Nb3 c5 17.e4 c4 18.Nd4 Rac8 19.Qf2 Rfe8 20.f4 Ba4 21.Re1 Bxd4 22.Qxd4 Red8
23.Qf2 c3 24.b3 Bb5 25.Be3 c2 26.Rac1 Bd3 27.Bd4 Nd7 28.Qe3 Nc5 29.Bh3 Rc6
30.e5 Ba6 31.Rxc2 Nd3 32.Rxc6 Nxe1 33.Bc5 Qe8 34.Rd6 Nd3 35.Bxa7 Ra8 36.Bb6 Nb4
37.e6 fxe6 38.Qxe6+ Qxe6 39.Bxe6+ Kh8 40.a3 Nc2 41.a4 Ne1 42.Kf2 Nd3+ 43.Ke3 Nb4
44.Rd8+ Rxd8 45.Bxd8 b5 46.a5 Nc6 47.Bc7  1-0

[Event "19th Skopje Open"]
[Site "Skopje MKD"]
[Date "2011.10.29"]
[Round "6"]
[White "Vladimirov,V MKD"]
[Black "Milanovic,Ma"]
[Result "1-0"]
[WhiteElo "2167"]
[BlackElo "1851"]

1.g3 e5 2.c4 Nc6 3.Bg2 f5 4.Nc3 Nf6 5.d3 Bb4 6.Bd2 O-O 7.Nf3 d6 8.O-O Bxc3
9.Bxc3 Re8 10.b4 a6 11.a4 Bd7 12.b5 axb5 13.axb5 Ne7 14.Qb3 Be6 15.Ng5 Qd7
16.Bxb7 Rab8 17.Bg2 c6 18.Nxe6 Qxe6 19.Rfb1 Rec8 20.b6 Nd7 21.b7 Rf8 22.Ra7 Nc5
23.Qb6 Qd7 24.Ba5 Nc8 25.bxc8=Q Rxb6 26.Qxf8+ Kxf8 27.Bxb6 Qe8 28.Bxc5 dxc5
29.Bxc6  1-0

[Event "TCh-CZE Liga 1 Zapad"]
[Site "Czech Rep CZE"]
[Date "2011.10.30"]
[Round "2.1"]
[White "Jirovsky, Milos"]
[Black "Kulhanek, Tomas"]
[Result "1/2-1/2"]
[WhiteElo "2466"]
[BlackElo "2371"]

1.c4 e5 2.g3 Nf6 3.Bg2 d5 4.cxd5 Nxd5 5.Nc3 Nb6 6.d3 Nc6 7.Nf3 Be7 8.O-O O-O
9.Be3 Re8 10.a4 a5 11.Rc1 Bf8 12.Nb5 Nd5 13.Bc5 Bxc5 14.Rxc5 Ncb4 15.Rc1 c6
16.Nc3 Bg4 17.d4 exd4 18.Qxd4 Nxc3 19.bxc3 Qxd4 20.Nxd4 Na6 21.Rc2 Rad8 22.Ra1  1/2-1/2

[Event "8th Lippe Cup"]
[Site "Lieme GER"]
[Date "2011.10.30"]
[Round "5.17"]
[White "Kuhn,An2"]
[Black "Szobries,H"]
[Result "0-1"]
[WhiteElo "1956"]
[BlackElo "1958"]

1.c4 e5 2.g3 d6 3.Bg2 f5 4.d4 Be7 5.dxe5 dxe5 6.Qxd8+ Bxd8 7.Nc3 Nf6 8.e4 c6
9.Nge2 O-O 10.O-O Na6 11.Be3 Ng4 12.Bd2 Nc5 13.h3 Nf6 14.exf5 Bxf5 15.Be3 Nd3
16.g4 Bg6 17.g5 Nh5 18.Ne4 Nhf4 19.Bxf4 exf4 20.Bf3 Ne5 21.Kg2 Nxf3 22.Kxf3 Bh5+  0-1

[Event "15th OIBM"]
[Site "Bad Wiessee GER"]
[Date "2011.11.03"]
[Round "6.28"]
[White "Loew,Gera"]
[Black "Hoffmann,Micha1"]
[Result "0-1"]
[WhiteElo "2266"]
[BlackElo "2496"]

1.c4 e5 2.g3 Nf6 3.Bg2 d5 4.cxd5 Nxd5 5.Nf3 Nc6 6.O-O Nb6 7.Nc3 Be7 8.a3 O-O
9.b4 Be6 10.d3 f6 11.Bb2 a5 12.b5 Nd4 13.Nxd4 exd4 14.Na4 Bd5 15.Nxb6 cxb6
16.Qa4 Bxg2 17.Kxg2 Bc5 18.Rac1 Re8 19.Rc2 Qd5+ 20.f3 Re6 21.Rf2 Rae8 22.Kf1 h5
23.Qc4 Qd6 24.a4 Kh7 25.Bc1 R6e7 26.Bd2 Rc8 27.Bf4 Qd7 28.Kg2 Ree8 29.Qa2 g5
30.Bd2 Kg7 31.Rc4 Kg6 32.Qc2 Qd5 33.Kf1 Re7 34.Be1 g4 35.Qa2 Bd6 36.Kg2 Rce8
37.Rc2 gxf3+ 38.Rxf3 Qxa2 39.Rxa2 Rxe2+ 40.Rxe2 Rxe2+ 41.Bf2 Ra2  0-1

[Event "TCh-AUT 2 Ost 2011-12"]
[Site "Vienna AUT"]
[Date "2011.11.05"]
[Round "3"]
[White "Videki,S"]
[Black "Sommerbauer,N"]
[Result "1/2-1/2"]
[WhiteElo "2441"]
[BlackElo "2414"]

1.c4 e5 2.g3 Nf6 3.Bg2 Nc6 4.Nc3 Bb4 5.Nd5 Bc5 6.Nf3 e4 7.Nh4 O-O 8.O-O Re8
9.e3 d6 10.f3 Nxd5 11.cxd5 exf3 12.Nxf3 Ne7 13.d4 Bb6 14.Qb3 Bf5 15.Nh4 Bd7
16.a4 a5 17.Bd2 Ng6 18.Nf5 Ne7 19.Nxe7+ Rxe7 20.Qd3 c6 21.Rf4 cxd5 22.Bxd5 Bc6
23.Qb3 Bxd5 24.Qxd5 Qd7 25.Rf5 Rc8 26.Qf3 Rc2 27.Bc3 Qc6 28.Qxc6 bxc6 29.Rf2 Rxf2
30.Kxf2 Rb7 31.Rb1 f5 32.Ke2 Kf7 33.Kd3 Ke6 34.Kc4 Bd8 35.Re1 d5+ 36.Kd3 h5
37.Rb1  1/2-1/2

[Event "TCh-AUT 2 Ost 2011-12"]
[Site "Vienna AUT"]
[Date "2011.11.05"]
[Round "3"]
[White "Sulyok,M"]
[Black "Bozinovic,Bob"]
[Result "1-0"]
[WhiteElo "2200"]
[BlackElo "2113"]

1.c4 e5 2.g3 Nf6 3.Bg2 d5 4.cxd5 Nxd5 5.Nc3 Nb6 6.Nf3 Nc6 7.O-O Be7 8.a3 a5
9.d3 O-O 10.Be3 Re8 11.Rc1 Bf8 12.Na4 Nd5 13.Bc5 Bxc5 14.Nxc5 b6 15.Qa4 Nce7
16.Nb3 Ng6 17.Nbd2 Bd7 18.Qc2 Ra7 19.h4 h6 20.Rfe1 Nf6 21.Nc4 Qe7 22.e4 Qc5
23.Qd2 Qf8 24.d4 exd4 25.Qxd4 Bb5 26.Nxb6 cxb6 27.Qxb6 Raa8 28.Qxb5 Rab8
29.Qa4 Rxb2 30.e5 Nd5 31.Qd4 Qxa3 32.Qxd5 Nf8 33.Ra1 Qc3 34.Qxa5 Qc2 35.Rf1 Ne6
36.Bh3 Rb3 37.Bxe6 Rxf3 38.Bg4 Rc3 39.Bd7 Qb3 40.Qxc3 Qxc3 41.Bxe8 Qxe5 42.Rfe1 Qc3
43.Rab1  1-0

[Event "TCh-BEL 2011-12"]
[Site "Gent BEL"]
[Date "2011.11.06"]
[Round "3.4"]
[White "Bachkourinski,Grigori"]
[Black "Daels,M"]
[Result "1/2-1/2"]
[WhiteElo "2185"]
[BlackElo "2233"]

1.c4 e5 2.g3 Nf6 3.Bg2 d5 4.cxd5 Nxd5 5.Nc3 Nb6 6.Nf3 Nc6 7.O-O Be7 8.b3 O-O
9.Bb2 Be6 10.d4 exd4 11.Nb5 Bd5 12.Nbxd4 Nxd4 13.Nxd4  1/2-1/2

[Event "TCh-AUT 2 Ost 2011-12"]
[Site "Vienna AUT"]
[Date "2011.11.06"]
[Round "4"]
[White "Kirschner,A"]
[Black "Kammerer,G"]
[Result "1-0"]
[WhiteElo "2280"]
[BlackElo "2063"]

1.c4 e5 2.g3 Nc6 3.Bg2 g6 4.Nc3 Bg7 5.e3 d6 6.Nge2 f5 7.d3 Nf6 8.O-O O-O
9.Rb1 a5 10.b3 Ne7 11.f4 c6 12.Ba3 Be6 13.Qd2 Qc7 14.Rbe1 Bf7 15.Kh1 Rfe8
16.e4 exf4 17.gxf4 Rad8 18.Ng3 Ng4 19.h3 Nh6 20.Bb2 Qb6 21.Nge2 fxe4 22.dxe4 d5
23.cxd5 cxd5 24.Qc1 Rc8 25.Qb1 d4 26.Na4 Qb4 27.Nc1 Be6 28.Nd3 Qb5 29.Qd1 Rc7
30.Qe2 Rec8 31.Rc1 Rxc1 32.Rxc1 Rxc1+ 33.Bxc1 Bf7 34.Ba3 Nc6 35.Bf1 Qh5 36.Qxh5 gxh5
37.Kg2 Bf8 38.Bc5 Be8 39.Kf3 b5 40.Bxf8 Kxf8 41.Nac5 Ke7 42.f5 Nf7 43.Kf4 Kf6
44.Ne6 b4 45.Nc7 Bd7 46.Nd5+ Kg7 47.e5  1-0

[Event "TCh-AUT 2 Ost 2011-12"]
[Site "Vienna AUT"]
[Date "2011.11.06"]
[Round "4"]
[White "Wolfram,B"]
[Black "Brustkern,J"]
[Result "1/2-1/2"]
[WhiteElo "2199"]
[BlackElo "2249"]

1.c4 e5 2.g3 Nc6 3.Bg2 f5 4.Nc3 Nf6 5.d3 Bc5 6.e3 f4 7.exf4 O-O 8.Be3 d6
9.Nge2 Qe8 10.O-O Qh5 11.d4 Ng4 12.h3 Nxe3 13.fxe3 exd4 14.exd4 Bb6 15.g4 Qh4
16.Ne4 Qe7 17.Kh2 Kh8 18.d5 Nd8 19.Qd3 Nf7 20.b4 a5 21.a3 axb4 22.axb4 Rxa1
23.Rxa1 Ne5 24.Qc3 Nxg4+ 25.hxg4 Bxg4 26.c5 Bxe2 27.cxb6 cxb6 28.Qg3 h6 29.Re1 Bh5
30.Ng5 Qf6 31.Ne6 Rc8 32.Be4 Rc3 33.Re3 Rxe3 34.Qxe3 Qb2+ 35.Kh3 Qxb4 36.Qd4 Qxd4
37.Nxd4 g5 38.f5 Kg7 39.Kg3 Kf6 40.Kf2 Bg4 41.Ke3 h5 42.Kd3  1/2-1/2

[Event "Zakopane Open"]
[Site "Zakopane POL"]
[Date "2011.11.09"]
[Round "5"]
[White "Weichhold,P"]
[Black "Nasuta,G"]
[Result "1/2-1/2"]
[WhiteElo "2304"]
[BlackElo "2230"]

1.c4 e5 2.g3 Nf6 3.Bg2 d5 4.cxd5 Nxd5 5.Nc3 Nb6 6.Nf3 Nc6 7.O-O Be7 8.a4 a5
9.Nb5 O-O 10.d4 exd4 11.Nfxd4 Nxd4 12.Nxd4 c6 13.e4 Bf6 14.Nb3 Qxd1 15.Rxd1 Nc4
16.Rb1 Bg4 17.Re1 Rfd8 18.Bf4 g5 19.Be3 Nxe3 20.Rxe3 Bd4 21.Nxd4 Rxd4 22.b3 Rad8
23.Bf1 Rd1 24.Rxd1 Rxd1 25.Kg2 Be6 26.Rc3 Rb1 27.Rc5 g4 28.Bc4 Bxc4 29.bxc4 Rb4
30.Rxa5 Rxc4 31.e5 Kg7 32.Ra7 Rb4 33.a5 Kg6 34.a6 bxa6 35.Rxa6 Rc4 36.Ra7 Rc5
37.Rc7 h5 38.h3 Rc1 39.h4 c5 40.Re7 Re1 41.f4  1/2-1/2

[Event "23rd Leuven Open"]
[Site "Leuven BEL"]
[Date "2011.11.11"]
[Round "2.1"]
[White "Stone,A ENG"]
[Black "Ikonnikov,Vy"]
[Result "0-1"]
[WhiteElo "2234"]
[BlackElo "2529"]

1.c4 e5 2.g3 Nc6 3.Nc3 f5 4.Nf3 Nf6 5.d4 e4 6.Nh4 d6 7.Bh3 g6 8.Bg5 Bg7 9.Nd5 O-O
10.Qd2 Ne7 11.Nxf6+ Bxf6 12.Bxf6 Rxf6 13.d5 Qf8 14.f4 exf3 15.Nxf3 f4 16.Bxc8 Qxc8
17.O-O-O Qf5 18.Qc3 Raf8 19.Nd4 Qg5 20.Ne6 Rxe6 21.dxe6 fxg3+ 22.Qd2 Rf4
23.b3 gxh2 24.Rxh2 Qe5 25.Kb1 h5 26.Rh3 Re4 27.e3 Qf5 28.Qd3 Rxe6 29.Qxf5 Nxf5
30.Re1 Kg7 31.Kc2 h4 32.Kd3 g5 33.Rg1 Ng3 34.e4 Kg6 35.Rgxg3 hxg3 36.Rxg3 Re7
37.Ke3 a5 38.Rg2 Rh7 39.Kd4 Kf6 40.Kd5 Rg7 41.c5 dxc5 42.Rf2+ Ke7 43.Kxc5 Ke6
44.Kd4 g4 45.Ke3 g3 46.Rg2 Ke5 47.Kf3 b5 48.Ke3 c5 49.Kf3 c4 50.bxc4 bxc4  0-1

[Event "23rd Leuven Open"]
[Site "Leuven BEL"]
[Date "2011.11.11"]
[Round "3.3"]
[White "Aglave,A"]
[Black "Geirnaert,S"]
[Result "0-1"]
[WhiteElo "2100"]
[BlackElo "2390"]

1.c4 e5 2.g3 Nf6 3.Bg2 d5 4.cxd5 Nxd5 5.Nc3 Nb6 6.Nf3 Nc6 7.O-O Be7 8.a3 g5
9.d4 exd4 10.Nb5 O-O 11.Nfxd4 Nxd4 12.Nxd4 Bf6 13.Nb3 Qxd1 14.Rxd1 Re8 15.Na5 c6
16.e4 g4 17.Rb1 Na4 18.Nc4 Be6 19.Nd6 Red8 20.Bf4 Nxb2 21.e5 Nxd1 22.exf6 Nc3
23.Re1 Rd7 24.Re5 h6 25.Bxh6 Rxd6 26.Bg7 Rd1+ 27.Bf1 Rd5  0-1

[Event "TCh-CZE Liga1 Vychod"]
[Site "Czech Rep CZE"]
[Date "2011.11.13"]
[Round "3"]
[White "Zwardon,V"]
[Black "Krzyzanowski,M"]
[Result "1-0"]
[WhiteElo "2297"]
[BlackElo "2375"]

1.c4 e5 2.g3 Nf6 3.Bg2 Nc6 4.Nf3 d5 5.cxd5 Nxd5 6.O-O Be6 7.d4 exd4 8.Nxd4 Nxd4
9.Qxd4 c6 10.Nc3 Nf6 11.Qa4 Be7 12.Rd1 Qc8 13.Bf4 O-O 14.b4 b5 15.Qa5 Bc4
16.Bd6 Bd8 17.Qa3 Re8 18.Qb2 a5 19.a3 Ng4 20.h3 Nf6 21.e4 Nd7 22.f4 f6 23.Kh2 Bf7
24.Qf2 Bb3 25.Rdc1 Qa6 26.Qf3 a4 27.e5 Rc8 28.Qg4 Nf8 29.Ne4 fxe5 30.Bxe5 Re7
31.Nd6 Be6 32.Qf3 Rcc7 33.Rxc6 Rxc6 34.Qxc6 Qxc6 35.Bxc6 Ng6 36.Nxb5 Nxe5
37.fxe5 Bb3 38.Re1 Bb6 39.Re4 g5 40.Nd6 Rc7 41.b5 Bc5 42.Nc4 Kg7 43.h4 gxh4
44.Rxh4 Rf7 45.Kh3 h5 46.e6 Rf2 47.b6 Kf6 48.Rxh5 Bxc4 49.Rxc5 Bxe6+ 50.g4 Rf4
51.b7 Rxg4 52.Kh2 Rh4+ 53.Kg3 Rg4+ 54.Kf2 Rg8 55.Ra5  1-0

[Event "2nd Brno Open"]
[Site "Brno CZE"]
[Date "2011.11.15"]
[Round "4"]
[White "Cip,D"]
[Black "Kopecek,Ivan"]
[Result "1-0"]
[WhiteElo "2106"]
[BlackElo "1953"]

1.c4 e5 2.g3 Nf6 3.Bg2 Bc5 4.Nc3 c6 5.d3 O-O 6.Nf3 Re8 7.O-O h6 8.Nxe5 Bxf2+
9.Rxf2 Rxe5 10.Bf4 Re8 11.e4 d6 12.h3 Nbd7 13.Bxd6 Ne5 14.Bxe5 Rxe5 15.d4 Rg5
16.Kh2 Be6 17.e5 Qc7 18.Qd3 Nh5 19.Ne4 Bf5 20.g4 Bxe4 21.Qxe4 Nf6 22.Qf4 Nh7
23.Be4 f5 24.Bxf5 Nf8 25.h4  1-0